Géographie de la Bretagne - Statistiques

Statistiques générales
  • Ce quiz a été pris 302 fois
    261 depuis la dernière actualisation
  • Le résultat moyen est 31 sur 62
Réponses sur la Carte
Les réponses sont colorées sur une échelle allant du rouge au vert en fonction du pourcentage des utilisateurs qui les ont devinées à leur premier essai. Vous pouvez retrouver ces pourcentages ci-dessous.
 
Statistiques - réponses
Lieu % Correct
Brest
99%
Rennes
99%
Quimper
96%
Lorient
94%
Vannes
94%
Finistère
91%
Saint-Malo
91%
Ille-et-Vilaine
90%
Morbihan
90%
Côtes-d'Armor
88%
Saint-Brieuc
87%
Fougères
74%
Concarneau
70%
Belle-Île
69%
Lannion
69%
Lannion
69%
Dinan
66%
Pontivy
66%
Morlaix
65%
Vilaine
64%
Ouessant
61%
Guingamp
57%
Vitré
57%
Landerneau
56%
Pointe du {Raz}
56%
Île aux {Moines}
55%
Redon
55%
Monts d'{Arrée}
53%
Quimperlé
51%
Crozon
49%
Quiberon
48%
Carhaix-Plouguer
46%
Auray
45%
Groix
44%
Bréhat
42%
Sein
41%
Lamballe-Armor
40%
Paimpol
40%
Houat
38%
Molène
38%
Hœdic
36%
Cap {Fréhel}
35%
Île-d'{Arz}
35%
Batz
34%
Glénan
33%
Rance
32%
Ploërmel
29%
Blavet
26%
Odet
26%
Forêt de {Paimpont}
25%
Bain-de-Bretagne
21%
Pointe {Saint-Mathieu}
21%
Aulne
19%
Questembert
18%
Élorn
17%
Oust
17%
Couesnon
16%
Pointe de {Penmarc'h}
15%
Scorff
15%
Trieux
15%
Montagnes Noires
14%
Landes de {Lanvaux}
9%
Aucun quiz correspondant
Distribution des résultats
% des personnes avec chaque résultat
Percentile par nombre de réponses
Votre historique - résultats
Vous n’avez pas pris ce quiz depuis la dernière actualisation